000 00367nam a22001577a 4500
020 _a0-679-81056-0
082 _a823
_bSPI/A
100 _aETRA, JONATHAN
245 _aALIENS FOR LUNCH
_bSHORT STORY
246 _aALIENS FOR LUNCH
_bSHORT STORY
260 _aUS
_bRANDOM HOUSE
_c1991
300 _a64
520 _aSHORT STORY
650 _aSHORT STORY
942 _cBK
999 _c2790
_d2790